000 01348cam a22003737a 4500
003 CHAP
005 20220329142749.0
008 030625d1994 mx r 00110 spa d
010 _a87436
011 _a88408
035 _a98953
040 _cCHAP
090 _aTesis
100 0 0 _aAlbiter Jaramillo, Valdemar.
_93498
245 1 0 _aControl químico de "gallina ciega" Phyllophaga spp. en el cultivo de maíz, en Almoloya de las Granadas, Tejupilco,Méx.
_c/por Valdemar Albiter Jaramillo
260 _aChapingo, Méx. :
_bEl autor,
_c1994.
300 _a43 h. ;
_bilus.
502 _aTesis (Ing. Agr. Esp. en Fitotecnia) --UACH. Departamento de Fitotecnia
590 _aALEPH
_b10
_c20130110
_lUCH01
_h1454
590 _aBATCH-UPD
_b10
_c20130110
_lUCH01
_h0308
590 _aBATCH-UPD
_b10
_c20130110
_lUCH01
_h1843
590 _aBATCH-UPD
_b10
_c20130409
_lUCH01
_h2340
590 _aBATCH-UPD
_b10
_c20130913
_lUCH01
_h2349
590 _aCONVERSION
_b10
_c20130109
_lUCH01
_h1348
650 1 4 _aControl de plagas.
_927595
650 1 4 _aInsecticidas
_xAnálisis.
_958856
650 1 4 _aMaíz
_xPlagas.
_971034
650 1 4 _aPhyllophaga.
_987881
901 _aBK
905 _aMayto Villalobos S.
942 _cFOLL
949 _aTesis
_bBC
_cTES
_d33724000899068
_eTS2
_fc.2
_h41095
_i98953
_si
949 _aTesis
_bBC
_cTES
_d98953123
_eTS1
_h41094
_i98953
_sb
999 _c87436
_d87436